| 000 | 00790nam a22002057a 4500 | ||
|---|---|---|---|
| 001 | BD-DhSAU 10216 | ||
| 003 | BD-DhSAU | ||
| 005 | 20150626154919.0 | ||
| 008 | 150624b1985 bg ||||r|||| 000 0 ben d | ||
| 040 | _aBD-DhSAU | ||
| 082 |
_222 _a--- _bগীতি |
||
| 245 |
_aগীতি সংকলন ২য় খন্ড / _cরফিকুল ইসলাম সম্পাদিত |
||
| 260 |
_aঢাকা : _bবাংলা একাডেমী, _c১৯৮৫. |
||
| 300 |
_axviii, ৩৭০ পৃ. : _c২২ সেমি |
||
| 440 |
_aউদ্দীপনা ও ইসলামী _n৩য় খন্ড |
||
| 590 | _aJerin | ||
| 650 | _aগীতি সংকলন | ||
| 700 |
_aইসলাম, রফিকুল _eসম্পাদক |
||
| 942 |
_2ddc _cBOOK |
||
| 999 |
_c10216 _d10215 |
||